[Event "Superliga 2011 M"]
[Site "Brasov"]
[Date "2011.10.15"]
[Round "8.1"]
[White "Lupulescu, Constantin"]
[Black "Danilov, Vladimir"]
[Result "1-0"]
[WhiteElo "2655"]
[BlackElo "2441"]
[Annotator "Robot 4"]
[PlyCount "91"]
[EventDate "2011.10.08"]
[TimeControl "40/5400+30:1800+30"]

1. c4 Nf6 2. Nc3 c6 3. Nf3 d5 4. e3 Bg4 5. cxd5 Bxf3 6. Qxf3 cxd5 7. g4 e6 8.
d4 Nc6 9. Bd3 Be7 10. g5 Nd7 11. h4 a6 12. Qg2 b5 13. f4 Nb6 14. b3 Rc8 15. Bb2
Bb4 16. Rc1 Qd6 17. O-O Ne7 18. a4 Bxc3 19. Bxc3 b4 20. Bd2 a5 21. Rxc8+ Nbxc8
22. Rc1 O-O 23. Be1 Na7 24. Rc5 Qb6 25. e4 g6 26. Bf2 Rd8 27. exd5 Nxd5 28. Qf3
Nc6 29. f5 gxf5 30. Bxf5 exf5 31. Rxd5 Ne7 32. Rb5 Qc6 33. Qxc6 Nxc6 34. d5 Ne7
35. Rxa5 Nxd5 36. Rb5 Kg7 37. a5 Kg6 38. a6 Nc7 39. Rb6+ Kh5 40. a7 Kg4 41. Rb7
Ne6 42. Rb8 Rd1+ 43. Kh2 Rd2 44. Kg2 Nf4+ 45. Kf1 Nd3 46. Be3 1-0

[Event "Superliga 2011 M"]
[Site "Brasov"]
[Date "2011.10.15"]
[Round "8.1"]
[White "Ungureanu, Vlad"]
[Black "Nevednichy, Vladislav"]
[Result "1/2-1/2"]
[WhiteElo "2376"]
[BlackElo "2540"]
[Annotator "Robot 4"]
[PlyCount "146"]
[EventDate "2011.10.08"]
[TimeControl "40/5400+30:1800+30"]

1. d4 Nf6 2. Nf3 g6 3. c4 Bg7 4. Nc3 O-O 5. e4 d6 6. Be2 e5 7. O-O Nbd7 8. Re1
Re8 9. Bf1 a6 10. d5 a5 11. b3 Nc5 12. Rb1 Bd7 13. Nd2 Nh5 14. a3 Bh6 15. g3 f5
16. exf5 Bxf5 17. Nde4 Bxc1 18. Rxc1 Nxe4 19. Nxe4 Rf8 20. c5 Rf7 21. Qd2 Bxe4
22. Rxe4 Ng7 23. Bh3 Qf6 24. Re2 Nf5 25. Bxf5 Qxf5 26. a4 h5 27. h4 Kg7 28. Rc3
Raf8 29. Rce3 g5 30. Re4 Kg6 31. hxg5 Qf3 32. R4e3 Qg4 33. Qxa5 h4 34. Qd2 hxg3
35. Rxg3 Qh5 36. Qd3+ Rf5 37. Ree3 Kg7 38. Rh3 Qg6 39. Rh2 Rxg5+ 40. Kf1 Rg1+
41. Ke2 Qg4+ 42. f3 Qg6 43. Qxg6+ Kxg6 44. cxd6 cxd6 45. Rc3 Rb1 46. Rh4 Kf5
47. Rh6 b5 48. axb5 Rb8 49. Rxd6 Rxb5 50. Rd8 R5xb3 51. Rf8+ Kg6 52. Rfc8 R3b2+
53. Rc2 Kf7 54. Kd3 Rd1+ 55. Ke4 Re1+ 56. Kf5 Rxc2 57. Rxc2 Ke7 58. Rc6 Re3 59.
Kg4 Kd7 60. Re6 Re1 61. Kg5 Re3 62. Kg4 Re1 63. Kg3 Re2 64. Kh3 Rf2 65. Kg4 Re2
66. f4 e4 67. Kf5 e3 68. Ke4 Re1 69. Kf3 Rf1+ 70. Kg3 Rg1+ 71. Kf3 Rf1+ 72. Kg4
Rg1+ 73. Kh5 Re1 1/2-1/2

[Event "Superliga 2011 M"]
[Site "Brasov"]
[Date "2011.10.15"]
[Round "8.1"]
[White "Dragomirescu, Robin-Alexandru"]
[Black "Chifor, Ovidiu-Emanuel"]
[Result "1-0"]
[WhiteElo "2353"]
[BlackElo "2256"]
[Annotator "Robot 4"]
[PlyCount "93"]
[EventDate "2011.10.08"]
[TimeControl "40/5400+30:1800+30"]

1. e4 e5 2. Nf3 Nc6 3. Bb5 a6 4. Ba4 Nf6 5. O-O b5 6. Bb3 Be7 7. Re1 d6 8. c3
O-O 9. h3 Na5 10. Bc2 c5 11. d4 Nd7 12. Nbd2 exd4 13. cxd4 Nc6 14. d5 Nce5 15.
a4 Rb8 16. Nxe5 Nxe5 17. axb5 axb5 18. f4 Ng6 19. Nf3 Bh4 20. Rf1 Bg3 21. f5
Ne5 22. Ng5 Nd7 23. e5 Bxe5 24. Nxh7 Re8 25. f6 Nxf6 26. Nxf6+ Bxf6 27. Qh5 Re5
28. Qh7+ Kf8 29. Bf4 Rxd5 30. Rfe1 Re5 31. Bxe5 dxe5 32. Red1 Qc7 33. Ra7 Bb7
34. Bf5 Ke7 35. Rd7+ Qxd7 36. Bxd7 Kxd7 37. b4 cxb4 38. Qe4 Kc7 39. Qxb4 Kb6
40. Ra1 Rc8 41. Qa5+ Kc6 42. Rc1+ Kd6 43. Qb4+ Kd7 44. Qxb5+ Bc6 45. Qa6 Rc7
46. Qd3+ Ke8 47. Qd6 1-0

[Event "Superliga 2011 M"]
[Site "Brasov"]
[Date "2011.10.15"]
[Round "8.2"]
[White "Vajda, Levente"]
[Black "Jianu, Vlad-Cristian"]
[Result "1/2-1/2"]
[WhiteElo "2557"]
[BlackElo "2502"]
[PlyCount "29"]
[EventDate "2011.10.08"]

1. e4 c6 2. d4 d5 3. exd5 cxd5 4. c4 Nf6 5. Nc3 Nc6 6. Nf3 Bg4 7. cxd5 Nxd5 8.
Qb3 Bxf3 9. gxf3 e6 10. Qxb7 Nxd4 11. Bb5+ Nxb5 12. Qc6+ Ke7 13. Qxb5 Qd7 14.
Nxd5+ Qxd5 15. Qe2 1/2-1/2

[Event "Superliga 2011 M"]
[Site "Brasov"]
[Date "2011.10.15"]
[Round "8.2"]
[White "Baratosi, Daniel"]
[Black "Balla, Tamas-Kristof"]
[Result "1-0"]
[WhiteElo "2407"]
[BlackElo "2378"]
[PlyCount "129"]
[EventDate "2011.10.08"]

1. e4 c5 2. Nf3 e6 3. c3 d5 4. exd5 Qxd5 5. d4 Nf6 6. Na3 a6 7. Nc4 Nbd7 8. Be2
Be7 9. O-O O-O 10. a4 Qc6 11. Bf4 Nd5 12. Bg3 N7f6 13. Nfe5 Qe8 14. Bf3 Bd7 15.
dxc5 Bxc5 16. Nd3 Qc8 17. Nxc5 Qxc5 18. Ne5 Rad8 19. Qb3 Bc8 20. Rfd1 a5 21.
Qb5 Qa7 22. h3 Nc7 23. Qc4 Nfd5 24. Qh4 Qb6 25. c4 Nf6 26. Rxd8 Rxd8 27. Ng4
Nce8 28. Be5 Rd2 29. Bc3 Rxb2 30. Nxf6+ Nxf6 31. Bxb2 Qxb2 32. Rd1 Bd7 33. Qd4
Qb4 34. c5 Bxa4 35. Qxb4 axb4 36. Rd8+ Be8 37. Bxb7 b3 38. Rb8 Kf8 39. Bc6 Ke7
40. Bxe8 Nxe8 41. Rb7+ Kd8 42. Rxf7 Nc7 43. Rf3 Na6 44. Rxb3 Nxc5 45. Rb5 Nd7
46. Rb7 Ke7 47. Kf1 e5 48. Ke2 Ke6 49. Ke3 g6 50. Ra7 h6 51. Ra6+ Kf7 52. h4
Nf6 53. f3 g5 54. h5 Nxh5 55. Ke4 Nf4 56. g3 Ne2 57. g4 Kg7 58. Kxe5 Ng1 59.
Ke4 Ne2 60. Rd6 Ng1 61. Rd2 Nh3 62. Kf5 Ng1 63. Rd7+ Kf8 64. Kg6 Ke8 65. Rd3
1-0

[Event "Superliga 2011 M"]
[Site "Brasov"]
[Date "2011.10.15"]
[Round "8.2"]
[White "Ionescu, Doru-Alexandru"]
[Black "Bach, Adrian-Kalman"]
[Result "1/2-1/2"]
[WhiteElo "2368"]
[BlackElo "2270"]
[Annotator "."]
[PlyCount "115"]
[EventDate "2011.10.08"]

1. e4 c5 2. d3 Nc6 3. g3 g6 4. Bg2 Bg7 5. f4 d6 6. Nf3 e5 7. O-O Nge7 8. f5
gxf5 9. Nh4 f4 10. Qh5 Ng6 11. Nf5 Qf6 12. Nc3 Nge7 13. Nxg7+ Qxg7 14. Nb5 Bg4
15. Nxd6+ Kf8 16. Qh4 Nd4 17. gxf4 Bf3 18. Qg5 Rg8 19. Qxg7+ Rxg7 20. Rf2 exf4
21. Bxf4 Bxg2 22. Bh6 Nf3+ 23. Rxf3 Bxf3+ 24. Kf2 Bh5 25. Rg1 Bg6 26. Nxb7 Rb8
27. Nxc5 Rxb2 28. Nd7+ Kg8 29. Ke3 f5 30. Nf6+ Kf7 31. e5 Rxc2 32. Rb1 Rc5 33.
Kf4 Nd5+ 34. Nxd5 Rxd5 35. Rb7+ Ke6 36. Bxg7 Rxd3 37. Rxa7 Rd4+ 38. Ke3 Re4+
39. Kd2 f4 40. Ra6+ Kf5 41. Rf6+ Kg4 42. e6 f3 43. Bh6 Re2+ 44. Kd1 Bc2+ 45.
Kc1 f2 46. Be3 Bf5 47. h3+ Kxh3 48. Rxf5 Rxe3 49. Rxf2 Rxe6 50. a4 $11 h5 51.
a5 h4 52. Ra2 Rc6+ 53. Kb2 Kg3 54. Kb3 h3 55. Kb4 Rh6 56. Ra3+ Kf4 57. Ra1 h2
58. Rh1 1/2-1/2

[Event "Superliga 2011 M"]
[Site "Brasov"]
[Date "2011.10.15"]
[Round "8.2"]
[White "Bida, Mihai-Eugen"]
[Black "Manole, Stefan"]
[Result "1-0"]
[WhiteElo "2141"]
[BlackElo "2052"]
[PlyCount "73"]
[EventDate "2011.10.08"]

1. e4 c6 2. d4 d5 3. e5 Bf5 4. Nf3 e6 5. Be2 Nd7 6. O-O Ne7 7. Nbd2 c5 8. c4
dxc4 9. Nxc4 Nc6 10. Bg5 Qc7 11. Rc1 h6 12. Bh4 Rc8 13. Bg3 Qd8 14. Nd6+ Bxd6
15. exd6 cxd4 16. Nxd4 Be4 17. Nxc6 Bxc6 18. b4 O-O 19. b5 Bd5 20. Rc7 f5 21.
Qd4 Rxc7 22. dxc7 Qf6 23. Qxf6 Nxf6 24. a4 Nd7 25. Bd6 Rc8 26. a5 b6 27. axb6
axb6 28. Rc1 Kf7 29. f4 Nf6 30. Be5 Nd7 31. Bd6 Nf6 32. Ra1 Nd7 33. Ra7 g6 34.
Bf3 Nf6 35. Rb7 Bxf3 36. gxf3 Nd7 37. Rb8 1-0

[Event "Superliga 2011 M"]
[Site "Brasov"]
[Date "2011.10.15"]
[Round "8.3"]
[White "Nisipeanu, Liviu-Dieter"]
[Black "Milu, Romeo-Sorin"]
[Result "1-0"]
[WhiteElo "2638"]
[BlackElo "2421"]
[Annotator "Robot 4"]
[PlyCount "71"]
[EventDate "2011.10.08"]
[TimeControl "40/5400+30:1800+30"]

1. Nf3 c5 2. c4 Nf6 3. Nc3 e6 4. d4 cxd4 5. Nxd4 a6 6. g3 Qc7 7. b3 b6 8. Bg2
Bb7 9. Bxb7 Qxb7 10. O-O Be7 11. Bb2 O-O 12. e3 Rd8 13. Qe2 d5 14. cxd5 Nxd5
15. Qf3 Ra7 16. Nxd5 Rxd5 17. Rac1 Bf6 18. Nxe6 fxe6 19. Bxf6 gxf6 20. Qxf6 Nd7
21. Qxe6+ Kg7 22. Rc6 Re5 23. Qh6+ Kg8 24. Rc4 Re4 25. Rfc1 Rxc4 26. Rxc4 Nf8
27. h4 Qg7 28. Qxb6 Rd7 29. Qxa6 h6 30. Qc8 Qa1+ 31. Kg2 Qxa2 32. Rf4 Rf7 33.
Qc4 Qa7 34. g4 Kg7 35. Rxf7+ Qxf7 36. Qxf7+ 1-0

[Event "Superliga 2011 M"]
[Site "Brasov"]
[Date "2011.10.15"]
[Round "8.3"]
[White "Mosnegutu, Klauss"]
[Black "Iordachescu, Viorel"]
[Result "0-1"]
[WhiteElo "2240"]
[BlackElo "2646"]
[Annotator "Robot 4"]
[PlyCount "86"]
[EventDate "2011.10.08"]
[TimeControl "40/5400+30:1800+30"]

1. d4 Nf6 2. c4 e6 3. Nc3 Bb4 4. Qc2 O-O 5. e3 c5 6. dxc5 Na6 7. Nge2 Bxc5 8.
a3 b6 9. b4 Be7 10. Nd4 Bb7 11. f3 d5 12. cxd5 Nxd5 13. Nxd5 Qxd5 14. Bd3 Rac8
15. Qe2 Bh4+ 16. g3 Bf6 17. Be4 Qd7 18. Bxb7 Qxb7 19. Bb2 Nc5 20. Kf2 Na4 21.
Rac1 Nxb2 22. Qxb2 e5 23. Nf5 e4 24. Qe2 exf3 25. Qxf3 Qd7 26. Rxc8 Rxc8 27.
Rd1 Qe6 28. Rd2 g6 29. Nd4 Qh3 30. Ke2 Bxd4 31. exd4 Qxh2+ 32. Kd3 Qh3 33. d5
Qd7 34. Kd4 b5 35. Ke3 Rc3+ 36. Rd3 Qc7 37. Kd2 Rc2+ 38. Kd1 Rc1+ 39. Kd2 Qc2+
40. Ke3 Re1+ 41. Kf4 Qc4+ 42. Kg5 h6+ 43. Kf6 Re6+ 0-1

[Event "Superliga 2011 M"]
[Site "Brasov"]
[Date "2011.10.15"]
[Round "8.3"]
[White "Fedorov, Alexei"]
[Black "Posedaru, Bogdan"]
[Result "1/2-1/2"]
[WhiteElo "2609"]
[BlackElo "2322"]
[Annotator "Robot 4"]
[PlyCount "46"]
[EventDate "2011.10.08"]
[TimeControl "40/5400+30:1800+30"]

1. e4 e5 2. Bc4 Nf6 3. d3 c6 4. Nf3 Be7 5. O-O d6 6. Nbd2 O-O 7. Re1 Nbd7 8. a3
Nc5 9. Ba2 Be6 10. Nf1 Bxa2 11. Rxa2 Re8 12. Ra1 a5 13. Be3 d5 14. Nxe5 dxe4
15. d4 Ncd7 16. Ng3 Bd6 17. Ng4 Bxg3 18. hxg3 Nxg4 19. Qxg4 Nf6 20. Qh4 a4 21.
Rad1 Qd5 22. Bg5 Nd7 23. g4 Nb6 1/2-1/2

[Event "Superliga 2011 M"]
[Site "Brasov"]
[Date "2011.10.15"]
[Round "8.3"]
[White "Miroiu, George-Catalin"]
[Black "Marin, Mihail"]
[Result "1/2-1/2"]
[WhiteElo "2281"]
[BlackElo "2550"]
[Annotator "Robot 4"]
[PlyCount "46"]
[EventDate "2011.10.08"]
[TimeControl "40/5400+30:1800+30"]

1. d4 Nf6 2. c4 e6 3. Nf3 b6 4. g3 Bb7 5. Bg2 Bb4+ 6. Bd2 a5 7. O-O O-O 8. Bg5
Be7 9. Nc3 Ne4 10. Bxe7 Qxe7 11. Qc2 Nxc3 12. Qxc3 d6 13. Ne1 Bxg2 14. Nxg2 Nc6
15. d5 Ne5 16. e4 Rae8 17. Rae1 Nd7 18. f4 Nc5 19. b3 exd5 20. exd5 Qd7 21. Nh4
Qg4 22. Qc2 g6 23. Kg2 Qd7 1/2-1/2

[Event "Superliga 2011 M"]
[Site "Brasov"]
[Date "2011.10.15"]
[Round "8.3"]
[White "Miron, Lucian-Costin"]
[Black "Baciu, Stefan"]
[Result "1-0"]
[WhiteElo "2514"]
[BlackElo "2217"]
[Annotator "Robot 4"]
[PlyCount "73"]
[EventDate "2011.10.08"]
[TimeControl "40/5400+30:1800+30"]

1. Nf3 Nf6 2. c4 c6 3. d4 d5 4. e3 g6 5. Nc3 Bg7 6. Bd3 O-O 7. O-O Bg4 8. h3
Bxf3 9. Qxf3 dxc4 10. Bxc4 Nbd7 11. Rd1 Qc7 12. e4 e5 13. d5 Nb6 14. Bb3 Rad8
15. Bg5 Rd6 16. a4 a6 17. dxc6 Rxd1+ 18. Rxd1 Qxc6 19. a5 Nbd7 20. Nd5 Qb5 21.
Nxf6+ Nxf6 22. Rd3 Nh5 23. g3 Bf6 24. Rd5 Qc6 25. Be3 Re8 26. Qd1 Qc8 27. Bb6
Ng7 28. Rc5 Qxh3 29. Qf3 Nf5 30. exf5 e4 31. Qg2 Qg4 32. fxg6 hxg6 33. Rc4 Qe2
34. Rc7 Re7 35. Rxe7 Bxe7 36. Qf1 Qxb2 37. Qc4 1-0

[Event "Superliga 2011 M"]
[Site "Brasov"]
[Date "2011.10.15"]
[Round "8.3"]
[White "Anuta, Elefterie-Laurentiu"]
[Black "Georgescu, Tiberiu-Marian"]
[Result "0-1"]
[WhiteElo "2024"]
[BlackElo "2391"]
[Annotator "Robot 4"]
[PlyCount "80"]
[EventDate "2011.10.08"]
[TimeControl "40/5400+30:1800+30"]

1. Nf3 c5 2. b3 d5 3. e4 d4 4. Bb5+ Nd7 5. Ne5 Ngf6 6. Qf3 e6 7. Bxd7+ Bxd7 8.
Nxd7 Nxd7 9. Qe2 Bd6 10. d3 Qc7 11. g3 O-O 12. f4 b5 13. O-O c4 14. Bb2 c3 15.
Bc1 b4 16. a3 a5 17. g4 a4 18. bxa4 Rxa4 19. Qf3 Rfa8 20. e5 Bf8 21. h4 R8a6
22. g5 bxa3 23. Nxa3 Bxa3 24. Bxa3 Rxa3 25. Rxa3 Rxa3 26. Qe4 Qa7 27. Kh2 Nf8
28. h5 Qa4 29. Rf2 Qa8 30. Qxd4 Ra1 31. Qe4 Qxe4 32. dxe4 Re1 33. Kg2 Rxe4 34.
Kf3 Rc4 35. Ke3 Nd7 36. Kd3 Rc8 37. Rf3 Nb6 38. Kd4 Nd5 39. f5 Nb4 40. Rxc3
Nxc2+ 0-1

[Event "Superliga 2011 M"]
[Site "Brasov"]
[Date "2011.10.15"]
[Round "8.4"]
[White "Jobava, Baadur"]
[Black "Suba, Mihai"]
[Result "1-0"]
[WhiteElo "2712"]
[BlackElo "2471"]
[PlyCount "103"]
[EventDate "2011.10.08"]

1. d4 Nf6 2. c4 e6 3. Nf3 Bb4+ 4. Bd2 a5 5. a3 Bxd2+ 6. Qxd2 d6 7. Nc3 Nbd7 8.
e3 O-O 9. Bd3 e5 10. O-O Re8 11. Qc2 h6 12. Bf5 c6 13. Rad1 Qc7 14. h3 Nf8 15.
Bxc8 Raxc8 16. dxe5 dxe5 17. Nd2 Rcd8 18. c5 Ne6 19. Nb3 g6 20. Na4 Nd5 21. Nd2
Qe7 22. Ne4 Rf8 23. Qb3 Kg7 24. Qc4 f5 25. Nec3 Ndc7 26. b4 axb4 27. axb4 Rxd1
28. Rxd1 Rd8 29. Rxd8 Nxd8 30. Nb6 Nf7 31. Qa2 Na6 32. Qb2 Qe6 33. Nb1 Nc7 34.
Nd2 Nd5 35. Qa2 Kf6 36. Nxd5+ Qxd5 37. Qxd5 cxd5 38. Nb3 Ke7 39. f4 exf4 40.
exf4 Kd7 41. Kf2 Nd8 42. Ke3 Ne6 43. Nd4 Nxd4 44. Kxd4 Kc6 45. g3 g5 46. fxg5
hxg5 47. Ke5 Kb5 48. Kxd5 Kxb4 49. Kd4 Kb5 50. h4 f4 51. hxg5 fxg3 52. Ke3 1-0

[Event "Superliga 2011 M"]
[Site "Brasov"]
[Date "2011.10.15"]
[Round "8.4"]
[White "Shishkin, Vadim"]
[Black "Yemelin, Vasily"]
[Result "0-1"]
[WhiteElo "2450"]
[BlackElo "2568"]
[Annotator "."]
[PlyCount "44"]
[EventDate "2011.10.08"]

1. d4 Nf6 2. c4 e6 3. Nc3 Bb4 4. Qc2 d6 5. a3 Bxc3+ 6. Qxc3 b6 7. Bg5 Nbd7 8.
e3 c5 9. Nf3 h6 10. Bh4 g5 11. Bg3 Ne4 12. Qc2 Bb7 13. O-O-O Qe7 14. Bd3 Ndf6
15. dxc5 Nxc5 16. b4 Nce4 17. Qb2 e5 18. Ne1 Rc8 19. Kb1 h5 20. f3 h4 21. Bf2
Nxf2 22. Qxf2 d5 {[%emt 0:00:58] indescifrabil} 0-1

[Event "Superliga 2011 M"]
[Site "Brasov"]
[Date "2011.10.15"]
[Round "8.4"]
[White "Manolache, Marius"]
[Black "Thesing, Matthias"]
[Result "1/2-1/2"]
[WhiteElo "2535"]
[BlackElo "2404"]
[PlyCount "113"]
[EventDate "2011.10.08"]

1. d4 d5 2. Nf3 Nf6 3. c4 e6 4. Nc3 dxc4 5. e4 Bb4 6. Bxc4 Nxe4 7. O-O Nf6 8.
Bg5 Be7 9. Ne5 Nc6 10. Bb5 Bd7 11. Bxf6 Bxf6 12. Nxd7 Qxd7 13. d5 exd5 14. Re1+
Kf8 15. Nxd5 Qd6 16. Bxc6 bxc6 17. Nxf6 Qxf6 18. Qh5 h6 19. Rac1 Qxb2 20. Qc5+
Kg8 21. Qxc6 Kh7 22. Qe4+ g6 23. Qd5 Rhf8 24. Rxc7 Kg8 25. Qc4 a5 26. h4 Qb4
27. Re4 Qxc4 28. Rexc4 a4 29. a3 Ra5 30. Kh2 Kg7 31. f3 Rfa8 32. Rf4 Rf8 33.
Rd4 Rfa8 34. Rf4 Rf8 35. Kh3 g5 36. Rd4 Rfa8 37. Kg4 R8a6 38. Rdc4 Kg6 39.
R7c6+ Rxc6 40. Rxc6+ Kg7 41. hxg5 Rxg5+ 42. Kh3 Ra5 43. Kh4 Rg5 44. g4 Rb5 45.
Ra6 Rb3 46. Rxa4 Rxf3 47. Ra6 f5 48. g5 hxg5+ 49. Kxg5 Kf7 50. a4 Ke7 51. a5
Kd7 52. Rh6 Kc7 53. a6 Kb8 54. Rh7 Ra3 55. a7+ Rxa7 56. Rxa7 Kxa7 57. Kxf5
1/2-1/2

[Event "Superliga 2011 M"]
[Site "Brasov"]
[Date "2011.10.15"]
[Round "8.4"]
[White "Busu, Corneliu"]
[Black "Ardelean, George-Catalin"]
[Result "0-1"]
[WhiteElo "2275"]
[BlackElo "2491"]
[PlyCount "96"]
[EventDate "2011.10.08"]

1. d4 Nf6 2. c4 c5 3. d5 e6 4. Nc3 exd5 5. cxd5 d6 6. e4 g6 7. f3 Bg7 8. Nge2
a6 9. a4 O-O 10. Ng3 h5 11. Bg5 Qc7 12. Be2 Nh7 13. Be3 h4 14. Nf1 f5 15. Nd2
Nd7 16. Bf2 h3 17. g3 Nhf6 18. exf5 gxf5 19. f4 Ng4 20. Bxg4 fxg4 21. O-O Nf6
22. Qc2 Qf7 23. Qd3 Rb8 24. Nc4 Ne8 25. a5 Bf5 26. Qd2 Qg6 27. Rfe1 Nc7 28. Nb6
Nb5 29. Nxb5 axb5 30. Qe2 c4 31. Qd2 Qf6 32. Re2 Rbe8 33. Rae1 Rxe2 34. Rxe2
Rf7 35. Qb4 Re7 36. Rd2 Re4 37. Kf1 Re7 38. Nxc4 bxc4 39. Qxc4 Re4 40. Qb5 Qe7
41. Qb3 Qc7 42. Rd1 Qxa5 43. Qxb7 Qa4 44. b3 Qa2 45. Qb6 Qc2 46. Qb8+ Kh7 47.
Re1 Qd3+ 48. Kg1 Qf3 0-1

[Event "Superliga 2011 M"]
[Site "Brasov"]
[Date "2011.10.15"]
[Round "8.4"]
[White "Zaim, Marian"]
[Black "Petrisor, Adrian-Marian"]
[Result "0-1"]
[WhiteElo "2171"]
[BlackElo "2388"]
[PlyCount "94"]
[EventDate "2011.10.08"]

1. e4 c5 2. Nf3 d6 3. d4 cxd4 4. Nxd4 Nf6 5. Nc3 g6 6. g3 Bg4 7. Qd3 Nc6 8.
Nxc6 bxc6 9. Bg2 Nd7 10. O-O Bg7 11. h3 Be6 12. b3 O-O 13. Rb1 Rb8 14. Be3 Qa5
15. Bd2 Ne5 16. Qe3 c5 17. Na4 Qa6 18. Bc3 Bd7 19. Nb2 Nc6 20. Bxg7 Kxg7 21.
Ra1 Nd4 22. Qc3 Kg8 23. Kh2 f5 24. Nd3 fxe4 25. Bxe4 Bc6 26. Bxc6 Qxc6 27. Ne1
Rf5 28. Qd2 Rbf8 29. c3 Qa6 30. Kg1 Ne2+ 31. Kg2 Nxg3 32. Nd3 Nxf1 33. Rxf1
Qc6+ 34. Kh2 Qf3 35. Ne1 Qe4 36. Ng2 Rf3 37. h4 Qg4 38. Kg1 Qf5 39. Ne3 Qe4 40.
Qd5+ Qxd5 41. Nxd5 e6 42. Ne3 d5 43. Kg2 Kg7 44. Nd1 Rd3 45. Re1 Rd2 46. Kg3 e5
47. f3 Rd3 0-1

[Event "Superliga 2011 M"]
[Site "Brasov"]
[Date "2011.10.15"]
[Round "8.5"]
[White "Timoshenko, Georgy"]
[Black "Manea, Alexandru"]
[Result "1-0"]
[WhiteElo "2572"]
[BlackElo "2415"]
[Annotator "Robot 4"]
[PlyCount "85"]
[EventDate "2011.10.08"]
[TimeControl "40/5400+30:1800+30"]

1. d4 d5 2. c4 c6 3. Nf3 Nf6 4. Nc3 a6 5. a4 e6 6. Bf4 a5 7. e3 Be7 8. Be2 O-O
9. O-O Na6 10. h3 Nb4 11. Qb3 Nh5 12. Bh2 Nf6 13. Rfd1 Bd6 14. Ne5 Qe7 15. Rac1
Rd8 16. Na2 Nxa2 17. Qxa2 Nd7 18. f4 f6 19. Nd3 Kh8 20. Bf3 dxc4 21. Qxc4 Nb6
22. Qb3 Bc7 23. Bg3 Rb8 24. e4 Nd7 25. Kh1 Nf8 26. Bf2 Ng6 27. g3 Nf8 28. Kh2
Bd7 29. d5 exd5 30. exd5 Rdc8 31. Ba7 Ra8 32. Qxb7 Bf5 33. Rxc6 Qd8 34. Nc5 Bd6
35. Bb6 Qe7 36. Qxe7 Bxe7 37. d6 Bd8 38. Bxd8 Rxd8 39. g4 Bd7 40. Rc7 Rab8 41.
b3 Rb6 42. Nxd7 Nxd7 43. Bc6 1-0

[Event "Superliga 2011 M"]
[Site "Brasov"]
[Date "2011.10.15"]
[Round "8.5"]
[White "Genov, Petar"]
[Black "Ionescu, Constantin"]
[Result "1/2-1/2"]
[WhiteElo "2447"]
[BlackElo "2436"]
[Annotator "Robot 4"]
[PlyCount "26"]
[EventDate "2011.10.08"]
[TimeControl "40/5400+30:1800+30"]

1. d4 Nf6 2. c4 e6 3. Nf3 c5 4. d5 d6 5. Nc3 exd5 6. cxd5 g6 7. e4 Bg7 8. Bg5
O-O 9. Nd2 Re8 10. Be2 Na6 11. O-O Nc7 12. a4 b6 13. f4 h6 1/2-1/2

[Event "Superliga 2011 M"]
[Site "Brasov"]
[Date "2011.10.15"]
[Round "8.5"]
[White "Raceanu, Valentin"]
[Black "Grecescu, Gabriel-Andrei"]
[Result "1/2-1/2"]
[WhiteElo "2417"]
[BlackElo "2423"]
[Annotator "Robot 4"]
[PlyCount "168"]
[EventDate "2011.10.08"]
[TimeControl "40/5400+30:1800+30"]

1. d4 Nf6 2. c4 e6 3. Nc3 Bb4 4. e3 c5 5. Bd3 d6 6. Nf3 Nc6 7. O-O Bxc3 8. bxc3
e5 9. e4 Bg4 10. d5 Ne7 11. h3 Bxf3 12. Qxf3 Ng6 13. g3 Qe7 14. h4 h6 15. Rb1
O-O-O 16. Kg2 Nf8 17. Rh1 g6 18. Bd2 Ne8 19. g4 f6 20. Rh3 Nd7 21. Rbh1 Ng7 22.
Rg3 Rdf8 23. Qe2 Rf7 24. Rhh3 Qf8 25. Qd1 Kb8 26. Qc1 Ne8 27. Rh1 Nb6 28. Rgh3
Nc8 29. Rf3 Ne7 30. Kf1 h5 31. g5 f5 32. Rg1 fxe4 33. Rxf7 Qxf7 34. Bxe4 Rf8
35. f3 Nf5 36. Qe1 Qd7 37. Bc2 Nc7 38. Qe4 Na8 39. Ke2 Nb6 40. Kd1 Qf7 41. Bd3
Qe8 42. Kc2 Qa4+ 43. Kb2 Qa5 44. Rc1 Qa4 45. f4 Nd7 46. Re1 Qa6 47. Ka1 Qa5 48.
Bc2 a6 49. Bb3 Ka7 50. Bc2 Nxh4 51. Rf1 Nf5 52. Qe1 Qc7 53. Qb1 Nb6 54. Qb3
exf4 55. Rxf4 Re8 56. Bd3 Re5 57. Qd1 Qe7 58. Bxf5 Rxf5 59. Rxf5 gxf5 60. g6
Nxc4 61. Bf4 Qg7 62. Qd3 b5 63. Qg3 h4 64. Qe1 Kb6 65. Bg5 b4 66. Bd8+ Kb7 67.
Bxh4 Ne5 68. Bg3 Nxg6 69. Bxd6 Qxc3+ 70. Qxc3 bxc3 71. Kb1 f4 72. Bxc5 f3 73.
Kc2 Nf4 74. Kxc3 Nxd5+ 75. Kd3 Kc6 76. Bf2 Kb5 77. Ke4 Nc3+ 78. Kxf3 a5 79. Be1
Kc4 80. Bxc3 Kxc3 81. Ke3 a4 82. Ke2 Kc2 83. Ke3 a3 84. Ke2 Kb2 1/2-1/2

[Event "Superliga 2011 M"]
[Site "Brasov"]
[Date "2011.10.15"]
[Round "8.5"]
[White "Bonte, Andrei-Mihai"]
[Black "Pavlov, Mircea-Sergiu-Aureli"]
[Result "1-0"]
[WhiteElo "2364"]
[BlackElo "2355"]
[Annotator "Robot 4"]
[PlyCount "95"]
[EventDate "2011.10.08"]
[TimeControl "40/5400+30:1800+30"]

1. e4 c5 2. Nf3 g6 3. d4 cxd4 4. Nxd4 Nf6 5. Nc3 d6 6. Be2 Nc6 7. O-O Bg7 8.
Be3 O-O 9. Qd2 d5 10. Nxc6 bxc6 11. e5 Ne4 12. Nxe4 dxe4 13. Qc3 Qc7 14. Bf4
Be6 15. Rfe1 a5 16. Bf1 Bf5 17. Bc4 g5 18. Bg3 Qb6 19. h4 g4 20. Bf4 Kh8 21. h5
h6 22. a4 Qc5 23. b3 Rad8 24. Rad1 Be6 25. Be3 Bxe5 26. Rxd8 Rxd8 27. Bxc5 Bxc3
28. Rxe4 Bxc4 29. Rxc4 Rd1+ 30. Kh2 Be5+ 31. g3 Bd6 32. Bxd6 Rxd6 33. Kg2 Rd5
34. Rxc6 Rxh5 35. c3 Kg7 36. b4 Re5 37. Ra6 axb4 38. cxb4 Re2 39. Rb6 e5 40. a5
e4 41. Kf1 Ra2 42. a6 h5 43. b5 h4 44. gxh4 f5 45. Rb7+ Kh6 46. a7 f4 47. Rb6+
Kh5 48. Ra6 1-0

[Event "Superliga 2011 M"]
[Site "Brasov"]
[Date "2011.10.15"]
[Round "8.5"]
[White "Spulber, Cicirone"]
[Black "Szabo, Attila"]
[Result "1/2-1/2"]
[WhiteElo "2239"]
[BlackElo "2290"]
[Annotator "Robot 4"]
[PlyCount "35"]
[EventDate "2011.10.08"]
[TimeControl "40/5400+30:1800+30"]

1. c4 c5 2. Nc3 Nc6 3. g3 g6 4. Bg2 Bg7 5. Nf3 e5 6. O-O Nge7 7. Ne1 O-O 8. Nc2
d6 9. Ne3 Rb8 10. Rb1 a6 11. a4 Nb4 12. d3 Bd7 13. Bd2 b6 14. Ncd5 Nbxd5 15.
Nxd5 Nxd5 16. Bxd5 Bh3 17. Re1 a5 18. Qc1 1/2-1/2

[Event "Superliga 2011 M"]
[Site "Brasov"]
[Date "2011.10.15"]
[Round "8.5"]
[White "Hajbok, Robert"]
[Black "Malureanu, Costin-George"]
[Result "1-0"]
[WhiteElo "2272"]
[BlackElo "2165"]
[Annotator "Robot 4"]
[PlyCount "40"]
[EventDate "2011.10.08"]
[TimeControl "40/5400+30:1800+30"]

1. d4 d5 2. c4 e6 3. Nc3 c6 4. Nf3 dxc4 5. a4 Bb4 6. e3 b5 7. Bd2 a5 8. axb5
Bxc3 9. Bxc3 cxb5 10. b3 Bb7 11. d5 Nf6 12. bxc4 b4 13. Bxf6 Qxf6 14. Qa4+ Nd7
15. Nd4 Ke7 16. d6+ Kxd6 17. Rd1 Nc5 18. Qb5 Rhc8 19. Nf5+ Ke5 20. Nd6 Qe7 1-0

[Event "Superliga 2011 M"]
[Site "Brasov"]
[Date "2011.10.16"]
[Round "9.1"]
[White "Manea, Alexandru"]
[Black "Mastrovasilis, Dimitrios"]
[Result "0-1"]
[WhiteElo "2415"]
[BlackElo "2607"]
[PlyCount "116"]
[EventDate "2011.10.08"]

1. c4 Nf6 2. Nf3 c6 3. b3 d5 4. g3 Bg4 5. Bg2 Nbd7 6. O-O e6 7. Bb2 Bd6 8. d3
O-O 9. Nbd2 Re8 10. Re1 e5 11. e4 dxe4 12. dxe4 Qc7 13. Qc2 a5 14. a3 b6 15.
Bc3 Nf8 16. Qb2 N6d7 17. b4 axb4 18. axb4 Ne6 19. Nf1 Bh5 20. Ne3 f6 21. Rec1
Bf8 22. Kh1 Qb7 23. Nh4 Bf7 24. Rd1 Rxa1 25. Rxa1 Ra8 26. Nf3 Ra7 27. Nc2 Qa8
28. Kg1 g6 29. Bf1 Rxa1 30. Qxa1 Qxa1 31. Bxa1 c5 32. b5 Nd4 33. Nfe1 Bh6 34.
Bc3 Kf8 35. Ne3 Bxe3 36. fxe3 Ne6 37. Bd3 Nd8 38. Nf3 Nb7 39. Be1 Nd6 40. Nd2
Ke7 41. g4 Nf8 42. Bh4 Ne6 43. Nb1 g5 44. Be1 Nd8 45. Nc3 Bxc4 46. Bxc4 Nxc4
47. Nd5+ Ke6 48. Kf2 Nb7 49. Ke2 Nbd6 50. Kd3 Na3 51. Nxb6 Naxb5 52. Bd2 Na3
53. Bc1 c4+ 54. Ke2 Nb1 55. Kf3 Nc3 56. h3 Na2 57. Ba3 c3 58. Na4 Nc4 0-1